Men's team of the year on FC 25 (TOTY) - Statistiques

Statistiques générales
  • Ce quiz a été pris 90 fois
  • Le résultat moyen est 5 sur 12
Statistiques - réponses
Hint Réponse % Correct
CDM 97 Rodri
69%
LW 97 Vinicius Jr
51%
ST 96 Kylian Mbappé
46%
LB 94 Grimaldo
40%
RB 95 Carvajal
35%
CAM 97 Jude Bellingham
35%
G 94 Emiliano Martinez
34%
CB 96 Virgil Van Dijk
34%
RW 96 Mohamed Salah
32%
12e 95 Cristiano Ronaldo
29%
CB 95 William Saliba
25%
CAM 95 Cole Palmer
24%
Aucun quiz correspondant
Distribution des résultats
% des personnes avec chaque résultat
Percentile par nombre de réponses
Votre historique - résultats
Vous n’avez pas pris ce quiz